| 000 | 01561nam2a2200289 4500 | ||
|---|---|---|---|
| 001 | RU\NLR\BIBL_A\011694197 | ||
| 005 | 20180523162143.0 | ||
| 010 | _a978-5-6040398-8-5 | ||
| 021 |
_aRU _bКН-П-18-022233 _9КН-П-18-1619 |
||
| 035 | _a(NLR Aleph) 011694197 | ||
| 035 | _a(RuMoRGB)009584378 | ||
| 090 |
_a11354939 _c11354939 |
||
| 100 | _a20180507d2018 k y0rusy50 ca | ||
| 101 | 0 | _aeng | |
| 102 | _aRU | ||
| 105 | _ay z 000zy | ||
| 200 | 0 |
_aVol. 8 _emonograph |
|
| 210 |
_aKrasnoyarsk _cLetter print _d2018 |
||
| 215 | _a316, [1] c. | ||
| 300 | _aОбщ. загл. т. 8: Sociological essay: "forsayt-determinants - "Components motivational and activity sphere readiness of experts sports profile to creation of competitive advantages" | ||
| 320 | _aСписок соч. авт.: с. 306-315 | ||
| 461 | 0 |
_1001RU\NLR\BIBL_A\010957345 _12001#$aSociological essays: ideologems, theories, concepts, ways of formation of bases of social and explosive type of activity of Russians$fI. V. Koval$vVol. 8 _1700#1$aKoval'$bI. V.$gIvan Vasil'evič _910791991 _aKoval', I. V. _cKrasnoyarsk _d2015 _fI. V. Koval _nPublishing department of KGPU _tSociological essays: ideologems, theories, concepts, ways of formation of bases of social and explosive type of activity of Russians _vVol. 8 |
|
| 517 | 1 | _aSociological essay: "forsayt-determinants - "Components motivational and activity sphere readiness of experts sports profile to creation of competitive advantages" | |
| 942 | _cBOOK | ||
| 980 | _aNB | ||